Management of Financial Services (Record no. 6260)
[ view plain ]
| 000 -LEADER | |
|---|---|
| fixed length control field | 00285nam a2200121Ia 4500 |
| 008 - FIXED-LENGTH DATA ELEMENTS--GENERAL INFORMATION | |
| fixed length control field | 191201s2019 xx 000 0 und d |
| 100 ## - MAIN ENTRY--PERSONAL NAME | |
| Personal name | GOPAL, C Rama |
| 245 #0 - TITLE STATEMENT | |
| Title | Management of Financial Services |
| 260 ## - PUBLICATION, DISTRIBUTION, ETC. (IMPRINT) | |
| Place of publication, distribution, etc | N. Delhi |
| Name of publisher, distributor, etc | Vikas pub |
| 300 ## - PHYSICAL DESCRIPTION | |
| Extent | 569 |
| 650 ## - SUBJECT ADDED ENTRY--TOPICAL TERM | |
| Topical term or geographic name as entry element | BBA |
| 942 ## - ADDED ENTRY ELEMENTS (KOHA) | |
| Source of classification or shelving scheme | Dewey Decimal Classification |
| Koha item type | Text Books |
| Withdrawn status | Lost status | Source of classification or shelving scheme | Damaged status | Not for loan | Collection code | Home library | Current library | Date acquired | Source of acquisition | Cost, normal purchase price | Bill Number | Total Checkouts | Full call number | Acc. no. / Barcode | Date last seen | Actual Cost, discounted price | Bill Date | Koha item type | Checked out | Date last borrowed | Public note |
|---|---|---|---|---|---|---|---|---|---|---|---|---|---|---|---|---|---|---|---|---|---|
| Dewey Decimal Classification | BBA | PIET C-LIBRARY | PIET C-LIBRARY | 19/02/2015 | KIRTI PRAKASHAN, NEW DELHI | 375.00 | IN2205 | 658.15 GOM | 25682 | 04/12/2019 | 251.25 | 14/02/2015 | Text Books | ||||||||
| Dewey Decimal Classification | BBA | PIET C-LIBRARY | PIET C-LIBRARY | 19/02/2015 | KIRTI PRAKASHAN, NEW DELHI | 375.00 | IN2205 | 658.15 GOM | 25683 | 04/12/2019 | 251.25 | 14/02/2015 | Text Books | ||||||||
| Dewey Decimal Classification | BBA | PIET C-LIBRARY | PIET C-LIBRARY | 19/02/2015 | KIRTI PRAKASHAN, NEW DELHI | 375.00 | IN2205 | 658.15 GOM | 25684 | 04/12/2019 | 251.25 | 14/02/2015 | Text Books | ||||||||
| Dewey Decimal Classification | BBA | PIET C-LIBRARY | PIET C-LIBRARY | 19/02/2015 | KIRTI PRAKASHAN, NEW DELHI | 375.00 | IN2205 | 1 | 658.15 GOM | 25685 | 22/01/2022 | 251.25 | 14/02/2015 | Text Books | 21/07/2022 | 22/01/2022 | . |